A B C of Electrical Engineering (Record no. 886)
[ view plain ]
| 000 -LEADER | |
|---|---|
| fixed length control field | 00361nam a2200145Ia 4500 |
| 008 - FIXED-LENGTH DATA ELEMENTS--GENERAL INFORMATION | |
| fixed length control field | 191201s2005 xx 000 0 und d |
| 082 ## - DEWEY DECIMAL CLASSIFICATION NUMBER | |
| Classification number | 621.3 |
| Item number | JAA |
| 100 ## - MAIN ENTRY--PERSONAL NAME | |
| Personal name | JAIN, Malika |
| 245 #2 - TITLE STATEMENT | |
| Title | A B C of Electrical Engineering |
| 250 ## - EDITION STATEMENT | |
| Edition statement | 3rd Rev |
| 260 ## - PUBLICATION, DISTRIBUTION, ETC. (IMPRINT) | |
| Place of publication, distribution, etc | New Delhi |
| Name of publisher, distributor, etc | Dhanpat Rai Pub (P) Ltd |
| Date of publication, distribution, etc | 2005 |
| 300 ## - PHYSICAL DESCRIPTION | |
| Extent | 656 |
| 650 ## - SUBJECT ADDED ENTRY--TOPICAL TERM | |
| Topical term or geographic name as entry element | B.Tech(ECE) |
| 942 ## - ADDED ENTRY ELEMENTS (KOHA) | |
| Source of classification or shelving scheme | Dewey Decimal Classification |
| Koha item type | Text Books |
| Withdrawn status | Lost status | Source of classification or shelving scheme | Damaged status | Not for loan | Collection code | Home library | Current library | Date acquired | Source of acquisition | Cost, normal purchase price | Bill Number | Total Checkouts | Full call number | Acc. no. / Barcode | Date last seen | Date last borrowed | Bill Date | Koha item type | Checked out |
|---|---|---|---|---|---|---|---|---|---|---|---|---|---|---|---|---|---|---|---|
| Dewey Decimal Classification | B.Tech(ECE) | PIET C-LIBRARY | PIET C-LIBRARY | 17/08/2006 | M/s UDH , Delhi | 155.00 | 125415 | 1 | 621.3 JAA | 470 | 24/02/2020 | 06/02/2020 | 18/08/2005 | Text Books | |||||
| Dewey Decimal Classification | B.Tech(ECE) | PIET C-LIBRARY | PIET C-LIBRARY | 17/08/2006 | M/s UDH , Delhi | 155.00 | 125415 | 2 | 621.3 JAA | 471 | 16/10/2023 | 10/10/2023 | 18/08/2005 | Text Books | |||||
| Dewey Decimal Classification | B.Tech(ECE) | PIET C-LIBRARY | PIET C-LIBRARY | 17/08/2006 | M/s UDH , Delhi | 155.00 | 125415 | 621.3 JAA | 472 | 04/12/2019 | 18/08/2005 | Text Books | 14/01/2019 | ||||||
| Dewey Decimal Classification | B.Tech(ECE) | PIET C-LIBRARY | PIET C-LIBRARY | 30/08/2005 | M/s UDH, Delhi | 155.00 | 125382 | 621.3 JAA | 3855 | 04/12/2019 | 23/08/2005 | Text Books |